Southville International School and Colleges
Your cart is empty.
  • Cart
  • Lists
    Public lists Eva Luna New books Lux_list list_1
    Your lists Log in to create your own lists
  • Log in to your account
  • Your cookies
  • Search history
Southville International School and Colleges
  • Advanced search
  • Recent comments
  • Most popular
  • Libraries

Log in to your account

Log in with GOOGLE


If you do not have an external account, but do have a local account, you can still log in:

  1. Home
  2. MARC view: Edexcel IGCSE mathematics A :
Normal view MARC view ISBD view

Edexcel IGCSE mathematics A : (Record no. 2550)

[ view plain ]
MARC details
000 -LEADER
fixed length control field 00622nam a22002177a 4500
003 - CONTROL NUMBER IDENTIFIER
control field OSt
005 - DATE AND TIME OF LATEST TRANSACTION
control field 20140310181735.0
008 - FIXED-LENGTH DATA ELEMENTS--GENERAL INFORMATION
fixed length control field 130319t xxu||||| |||| 00| 0 eng d
020 ## - INTERNATIONAL STANDARD BOOK NUMBER
International Standard Book Number 9780435966911
050 ## - LIBRARY OF CONGRESS CALL NUMBER
Classification number QA 11
Item number .T944 2009
082 ## - DEWEY DECIMAL CLASSIFICATION NUMBER
Classification number TR 510
Item number T851 2009
100 ## - MAIN ENTRY--PERSONAL NAME
Personal name Turner, D.A.
9 (RLIN) 1559
245 ## - TITLE STATEMENT
Title Edexcel IGCSE mathematics A :
Statement of responsibility, etc D.A. Turner ...[et.al.]
Remainder of title student book 1 /
260 ## - PUBLICATION, DISTRIBUTION, ETC. (IMPRINT)
Place of publication, distribution, etc Edinburgh :
Name of publisher, distributor, etc Pearson Education Ltd.,
Date of publication, distribution, etc c2009.
300 ## - PHYSICAL DESCRIPTION
Extent 321p. :
Other physical details col. ill. ;
Dimensions 26 cm.
521 ## - TARGET AUDIENCE NOTE
Target audience note
541 ## - IMMEDIATE SOURCE OF ACQUISITION NOTE
-- 1
562 ## - COPY AND VERSION IDENTIFICATION NOTE
Number of copies 1
650 ## - SUBJECT ADDED ENTRY--TOPICAL TERM
Topical term or geographic name as entry element Mathematics.
9 (RLIN) 210
942 ## - ADDED ENTRY ELEMENTS (KOHA)
Source of classification or shelving scheme Library of Congress Classification
Koha item type
Call number prefix
Holdings
Withdrawn status Lost status Source of classification or shelving scheme Damaged status Home library Current library Shelving location Date acquired Total Checkouts Total Renewals Full call number Barcode Date last seen Date checked out Copy number Price effective from Koha item type
    Library of Congress Classification   Luxembourg Library Luxembourg Library Teachers Reference Section 03/19/2013 4 10 QA 11 .T944 2009 19158 04/05/2017 12/11/2016 1 10/03/2013 Books

Edexcel IGCSE mathematics A :

APA

Turner D., . (2009). Edexcel IGCSE mathematics A. Edinburgh: Pearson Education Ltd.

Chicago

Turner D.A, . 2009. Edexcel IGCSE mathematics A. Edinburgh: Pearson Education Ltd.

Harvard

Turner D., . (2009). Edexcel IGCSE mathematics A. Edinburgh: Pearson Education Ltd.

MLA

Turner D.A, . Edexcel IGCSE mathematics A. Edinburgh: Pearson Education Ltd. 2009.

  • Place hold
  • Print
  • Cite
  • Add to your cart (remove)
  • Save record
    BIBTEX Dublin Core MARCXML MARC (non-Unicode/MARC-8) MARC (Unicode/UTF-8) MARC (Unicode/UTF-8, Standard) MODS (XML) RIS
  • More searches
    Search for this title in:
    Other Libraries (WorldCat) Other Databases (Google Scholar) Online Stores (Bookfinder.com) Open Library (openlibrary.org)

Exporting to Dublin Core...

SOUTHVILLE LIBRARY

Southville International School and Colleges Library

1281 Tropical Ave. Cor. Luxembourg St., BF Homes International, Las Pinas City

Tel. No. 8256374 / 252358 Loc. 117/146

Powered by Koha